Statistics for Countries with a US Military Base (according to wikipedia)

Click here to take the quiz!

General Stats

  • This quiz has been taken 2,384 times
    (526 since last reset)
  • The average score is 11 of 19

Answer Stats

Answer % Correct
Germany
93%
United Kingdom
91%
Japan
91%
South Korea
87%
Italy
80%
Spain
74%
Turkey
72%
Afghanistan
68%
Israel
57%
Greece
53%
Cuba
53%
Kuwait
48%
Portugal
48%
Qatar
43%
Denmark (Greenland)
41%
Bahrain
37%
Djibouti
24%
Bahamas
17%
Kosovo
12%

Score Distribution

Percentile by Number Answered

Percent of People with Each Score

Your Score History

You have not taken this quiz since the last reset